000 00637nam a2200253Ia 4500
003 OSt
005 20220918221305.0
006 a|||||r|||| 00| 0
007 ta
008 220917b |||||||| |||| 00| 0 eng d
024 _a149,204
037 _cTextual
040 _aARTS
_cARTS
_beng
041 _2eng
_aeng
082 _aT:84N3, J8
100 _aFaunce Roland C
_9139932
245 0 _aDeveloping the core curriculum
250 _a2nd
260 _c1958
650 _aEDUCATION
700 _a Bossing Nelson L
942 _hT:84N3, J8
_cTEXL
_2CC
999 _c271873
_d271873